| 000 | 01626cam a22002415a 4500 | ||
|---|---|---|---|
| 001 | L157859 | ||
| 008 | 130614s2013 xxk f 000 0 eng d | ||
| 020 | _a9780203036464 | ||
| 035 | _a(Sirsi) u157859 | ||
| 041 | 0 | _aeng | |
| 100 | 1 | _aScott, Peter | |
| 245 | 0 | 0 |
_aProperty masters: a history of the British commercial property sector _h[electronic resource] |
| 260 |
_bTaylor & Francis _c2013 |
||
| 300 | _aebook | ||
| 520 | _aTraces the evolution of the commercial property investment and development markets from the mid-nineteenth century to the present day and explores how the current investment scene emerged. Draws on private business records of institutional investors, major retailers, chartered surveyors and property developers and uses extensive case study material to focus on: factors influencing the growth of institution investment in property; evolution of commercial and industrial property markets; influence of the property investment market on the property development industry and the wider economy; factors influencing the physical development of office and shopping centres; the political economy of the property development industry. The statistical section outlines some long-running historical series covering most aspects of the property investment market; a glossary of acronyms, abbreviations and technical terms. | ||
| 590 | _aka ntk | ||
| 650 | 2 | 4 | _aEBOOK |
| 651 | 4 |
_aUnited Kingdom _y |
|
| 690 |
_aCommercial property _96227 |
||
| 690 |
_aInvestments _96250 |
||
| 856 | 4 | 0 |
_uhttps://www.vlebooks.com/ _zView on VLEbooks. Logins for members only from [email protected] |
| 942 | _n0 | ||
| 999 |
_c115002 _d115002 |
||